NLSUI OPAC header image

Credit, consumers and the law : (Record no. 120807)

MARC details
000 -LEADER
fixed length control field 03281cam a2200397 i 4500
001 - CONTROL NUMBER
control field 19046269
003 - CONTROL NUMBER IDENTIFIER
control field OSt
005 - DATE AND TIME OF LATEST TRANSACTION
control field 20210515115620.0
008 - FIXED-LENGTH DATA ELEMENTS--GENERAL INFORMATION
fixed length control field 160407s2017 enk 101 0 eng
010 ## - LIBRARY OF CONGRESS CONTROL NUMBER
LC control number 2016016771
020 ## - INTERNATIONAL STANDARD BOOK NUMBER
International Standard Book Number 9781472452344 (hbk)
040 ## - CATALOGING SOURCE
Original cataloging agency DLC
Language of cataloging eng
Transcribing agency DLC
Description conventions rda
042 ## - AUTHENTICATION CODE
Authentication code pcc
050 00 - LIBRARY OF CONGRESS CALL NUMBER
Classification number K1096.A6
Item number C655 2013
082 00 - DEWEY DECIMAL CLASSIFICATION NUMBER
Classification number 343.071 FAI
Edition number 23
111 2# - MAIN ENTRY--MEETING NAME
Meeting name or jurisdiction name as entry element Consumers, Credit and the Law Symposium
Date of meeting or treaty signing (2013 :
Location of meeting University of Queensland)
245 10 - TITLE STATEMENT
Title Credit, consumers and the law :
Remainder of title After the global storm /
Statement of responsibility, etc. edited by Paul O'Shea, Karen Fairweather, Ross Grantham.
264 #1 - PRODUCTION, PUBLICATION, DISTRIBUTION, MANUFACTURE, AND COPYRIGHT NOTICE
Place of production, publication, distribution, manufacture London ;
-- New York, NY :
Name of producer, publisher, distributor, manufacturer Routledge,
Date of production, publication, distribution, manufacture, or copyright notice 2017.
300 ## - PHYSICAL DESCRIPTION
Extent xxiv, 262 pages ;
Dimensions 26 cm.
336 ## - CONTENT TYPE
Content type term text
Content type code txt
Source rdacontent
337 ## - MEDIA TYPE
Media type term unmediated
Media type code n
Source rdamedia
338 ## - CARRIER TYPE
Carrier type term volume
Carrier type code nc
Source rdacarrier
490 0# - SERIES STATEMENT
Series statement Markets and the law
500 ## - GENERAL NOTE
General note Includes index.
500 ## - GENERAL NOTE
General note "This book came about as a result of a symposium entitled "Consumer, Credit and the Law" that was held in Brisbane, Australia, in July 2013."--Acknowledgements, page [viii].
505 0# - FORMATTED CONTENTS NOTE
Formatted contents note Consumer law : paternalism, fragmentation, and centralised enforcement / Paul O'Shea, Karen Fairweather and Ross Grantham;<br/>It's for your own good : legal paternalism and New Zealand consumer credit laws / Kate Tokeley;<br/>Credit : suitable for one or safe for everyone? / Gail Pearson;<br/>Responsible lending : consumer protection and prudential regulation perspectives / Onyeka Osuji;<br/>Can consumer law solve the problem of complexity in US consumer credit products? / Kathleen Engel;<br/>Making payday loans safer : the Australian approach to regulating small and medium sized loans / Nicola Howell; High cost credit in the United Kingdom : a philosophical justification for government intervention / Jodi Gardner; Apples and oranges? : responsible mortgage lending in the UK and Australia / Karen Fairweather;<br/>Sorting the sheep from the wolves in sheep's clothing : defining community development finance institutions as distinct from fringe lenders in efforts to address financial exclusion / Therese Wilson;<br/>Unfair contract terms legislation : is it good consumer law? / Paul O'Shea;<br/>The fragility of unfair terms law on bank charges: towards a complex re-litigation in the UK? / Mel Kenny and James Devenney;<br/>The regulation of unfair terms in non-professional suretyship agreements : lessons for the wider European Union harmonization agenda / James Devenney and Mel Kenny.
650 #0 - SUBJECT ADDED ENTRY--TOPICAL TERM
Topical term or geographic name entry element Consumer credit
General subdivision Law and legislation
Geographic subdivision English-speaking countries
Form subdivision Congresses.
700 1# - ADDED ENTRY--PERSONAL NAME
Personal name O'Shea, Paul
Titles and other words associated with a name (Australian lawyer and law teacher),
Relator term editor.
700 1# - ADDED ENTRY--PERSONAL NAME
Personal name Fairweather, Karen,
Relator term editor.
700 1# - ADDED ENTRY--PERSONAL NAME
Personal name Grantham, Ross,
Relator term editor.
710 1# - ADDED ENTRY--CORPORATE NAME
Corporate name or jurisdiction name as entry element Australian Centre for Private Law,
Relator term sponsoring body.
776 08 - ADDITIONAL PHYSICAL FORM ENTRY
Relationship information Online version:
Main entry heading Consumers, credit and the law symposium (2013 : University of Queensland)
Title Credit, consumers and the law
Place, publisher, and date of publication Abingdon, Oxon ; New York, NY : Routledge, 2016
International Standard Book Number 9781315574752
Record control number (DLC) 2016018095
906 ## - LOCAL DATA ELEMENT F, LDF (RLIN)
a 7
b cbc
c orignew
d 1
e ecip
f 20
g y-gencatlg
942 ## - ADDED ENTRY ELEMENTS (KOHA)
Source of classification or shelving scheme Dewey Decimal Classification
Koha item type BOOKs
Holdings
Withdrawn status Lost status Source of classification or shelving scheme Materials specified (bound volume or other part) Damaged status Not for loan Home library Current library Shelving location Date acquired Source of acquisition Total Checkouts Full call number Barcode Date last seen Price effective from Koha item type
    Dewey Decimal Classification PB     NLS NLS Library Compactors 27/06/2020 Purchased   343.071 FAI 38076 27/06/2020 27/06/2020 BOOKs